000 00253nam a22001097a 4500
041 _aENG
245 _aGuide For Palletization Of Cashew Kernels For Export
260 _aNew Delhi
_bBIS
_c1985
300 _a08
650 _aBIS Code
856 _uBIS Code
999 _c2117
_d2117